Terraria Bosses - Statistics

General Stats
  • This quiz has been taken 13 times
  • The average score is 27 of 34
Answer Stats
Level Hint Answer % Correct
Pre-Hardmode Crimson Boss Brain of Cthulhu
100%
Pre-Hardmode Corruption Boss Eater of Worlds
100%
Hardmode Butterfly Empress of Light
100%
Pre-Hardmode First Boss (Eye) Eye of Cthulhu
100%
Hardmode Temple Boss Golem
100%
Pre-Hardmode Easiest Boss King Slime
100%
Hardmode To unlock the Pillars Lunatic Cultist
100%
Hardmode Pillar Nebula Pillar
100%
Hardmode To Unlock the Temple Plantera
100%
Pre-Hardmode Hive boss Queen Bee
100%
Hardmode Pillar Solar Pillar
100%
Hardmode Pillar Stardust Pillar
100%
Hardmode Hardmode version of 5th The Destroyer
100%
Hardmode Hardmode version of second The Twins
100%
Hardmode Pillar Vortex Pillar
100%
Pre-Hardmode Underworld Boss Wall of Flesh
100%
Hardmode Truffle Worm Duke Fishron
89%
Hardmode Event Boss (Frost Moon) Ice Queen
89%
Hardmode Final Boss Moon Lord
89%
Hardmode Opposite of First Queen slime
89%
Pre-Hardmode Dungeon boss Skeletron prime
89%
Hardmode Hardmode version of 6th Skeletron Prime
89%
Pre-Hardmode Practically impossible to kill Dungeon Guardian
78%
Hardmode Event Boss (Pirate Invasion) Flying Dutchman
67%
Hardmode Event Boss (Old Ones Army) Betsy
56%
Hardmode Event Boss (Martian Madness) Martian Saucer
56%
Hardmode Event Boss (Frost Moon) Santa NK-11
56%
Hardmode Event Boss (Pumpkin Moon) Headless horseman
44%
Hardmode Event Boss (Solar Eclipse) Mothron
44%
Hardmode Event Boss (Old Ones Army) Ogre
44%
Hardmode Event Boss (Frost Moon) Everscream
33%
Hardmode Event Boss (Pumpkin Moon) Pumking
33%
Hardmode Event Boss (Pumpkin Moon) Mourning Woods
22%
Hardmode Event Boss (Goblin Army) Goblin Sorcerer
11%
No matching quizzes found
Score Distribution
Percent of People with Each Score
Percentile by Number Answered
Your Score History
You have not taken this quiz